Organization of wheat trade inthe north-western region (Record no. 499501)

000 -LEADER
fixed length control field 00344cam a22001097a 4500
008 - FIXED-LENGTH DATA ELEMENTS--GENERAL INFORMATION
fixed length control field 180718b1938 xxu||||| |||| 00| 0 eng d
082 ## - DEWEY DECIMAL CLASSIFICATION NUMBER
Classification number Z46x541 Ut8w
100 ## - MAIN ENTRY--PERSONAL NAME
Personal name Prasad, Tiryugi
245 ## - TITLE STATEMENT
Title Organization of wheat trade inthe north-western region
Statement of responsibility, etc. by Tiryugi Prasad
260 ## - PUBLICATION, DISTRIBUTION, ETC.
Place of publication, distribution, etc. Allahabad
Name of publisher, distributor, etc. The Superintendent, Printing
Date of publication, distribution, etc. 1938
300 ## - PHYSICAL DESCRIPTION
Extent 60+p.
Holdings
Withdrawn status Lost status Damaged status Not for loan Permanent Location Current Location Date acquired Full call number Barcode Date last seen Price effective from Koha item type
        Indian Institute of Public Administration Indian Institute of Public Administration 2018-08-04 Z46x541 Ut8w G97 2018-08-04 2018-08-04 G

Powered by Koha